Electronic structure and optical properties of semiconductors /

Bibliographic Details
Main Author: Cohen, Marvin L.
Other Authors: Chelikowsky, James R.
Format: Book
Language:English
Published: Berlin ; New York : Springer-Verlag, [1988]
Series:Springer series in solid-state sciences ; 75.
Subjects:

MARC

Tag First Indicator Second Indicator Subfields
LEADER 00000cam a2200000 a 4500
001 in00000034353
005 20151007060700.0
008 880119s1988 wb a b 00110 eng
010 |a  88001964  
020 |a 0387188185 (U.S.) 
035 |a (OCoLC)17440759 
035 |9 AAC1439AM 
040 |a DLC  |c DLC  |d TXA  |d UtOrBLW 
049 |a TXAM  |c [A11550934] 
050 0 0 |a QC611.6.O6  |b C63 1988 
082 0 |a 537.6/22  |2 19 
100 1 |a Cohen, Marvin L. 
245 1 0 |a Electronic structure and optical properties of semiconductors /  |c Marvin L. Cohen, James R. Chelikowsky. 
264 1 |a Berlin ;  |a New York :  |b Springer-Verlag,  |c [1988] 
264 4 |c ©1988 
300 |a xii, 264 pages :  |b illustrations ;  |c 24 cm. 
336 |a text  |b txt  |2 rdacontent 
337 |a unmediated  |b n  |2 rdamedia 
338 |a volume  |b nc  |2 rdacarrier 
490 1 |a Springer series in solid-state sciences ;  |v 75 
504 |a Bibliography: pages 213-259. 
500 |a Includes index. 
650 0 |a Semiconductors  |x Optical properties. 
650 0 |a Electronic structure. 
650 0 |a Energy-band theory of solids. 
700 1 |a Chelikowsky, James R. 
830 0 |a Springer series in solid-state sciences ;  |v 75. 
999 |a MARS 
999 f f |s 3fcbf52a-7533-3df3-aa5a-c512babb5ec4  |i 632f9dcd-d4dd-308d-b208-0aef16176603  |t 0 
952 f f |p normal  |a Texas A&M University  |b College Station  |c Sterling C. Evans Library  |d Evans: Library Stacks  |t 0  |e QC611.6.O6 C63 1988  |h Library of Congress classification  |i unmediated -- volume  |m A14811550934 
998 f f |a QC611.6.O6 C63 1988  |t 0  |l Evans: Library Stacks